| 000 | 00758nam a2200217Ia 4500 | ||
|---|---|---|---|
| 003 | GCL | ||
| 008 | 140319s9999 xx 000 0 ara d | ||
| 040 |
_aGCL / _cGCL |
||
| 082 | 0 | 4 |
_a330.9 _bش ب |
| 100 | 1 | _aرجب العشماوى | |
| 245 | 1 | 0 |
_aبرنامج الاصلاح الاقتصادى : الاثر على سوق العمل / _cرجب العشماوى |
| 250 | _aالاولى | ||
| 260 |
_aالقاهرة : _bمطابع الاهرام ، _c2003 |
||
| 300 |
_a79 ص ؛ _c24 سم |
||
| 490 |
_aكتاب الاهرام الاقتصادى _v182 |
||
| 650 | 0 | 4 | _aالتخطيط الاقتصادى |
| 650 | 0 | 4 | _aالتنمية الاقتصادية |
| 650 | 0 | 4 | _aسوق المال |
| 650 | 0 | 4 | _aالاصلاح الاقتصادى |
| 942 |
_2ddc _cBK |
||
| 999 |
_c7675 _d7675 |
||